Sports Quiz

Random Sports or NCAA Quiz

NCAA FCS National Champions Quiz Stats

Quiz not verified by Sporcle

Also try: Texas Big 4 Teams
Challenge
Share
Tweet
Embed
Score 0/0 Timer 00:00
0 Plays Today
Year Champion % Correct
2013North Dakota State University Bison
80%
2014North Dakota State University Bison
80%
2012North Dakota State University Bison
77.1%
2011North Dakota State University Bison
71.4%
2007Appalachian State University Mountaineers
57.1%
2010Eastern Washington University Eagles
57.1%
1995University of Montana Grizzlies
54.3%
1996Marshall University Thundering Herd
54.3%
2001University of Montana Grizzlies
54.3%
2006Appalachian State University Mountaineers
54.3%
2009Villanova University Wildcats
54.3%
1994Youngstown State University Penguins
51.4%
2000Georgia Southern University Eagles
51.4%
2003University of Delaware Fightin' Blue Hens
51.4%
1978Florida A&M University Rattlers
48.6%
1989Georgia Southern University Eagles
48.6%
1990Georgia Southern University Eagles
48.6%
1993Youngstown State University Penguins
48.6%
2005Appalachian State University Mountaineers
48.6%
Year Champion % Correct
2008Richmond University Spiders
48.6%
1985Georgia Southern University Eagles
45.7%
1986Georgia Southern University Eagles
45.7%
1991Youngstown State University Penguins
45.7%
1992Marshall University Thundering Herd
45.7%
1997Youngstown State University Penguins
45.7%
1998University of Massachusetts Minutemen
45.7%
1999Georgia Southern University Eagles
45.7%
1979Eastern Kentucky University Colonels
40%
1980Boise State University Broncos
40%
1988Furman University Paladins
40%
1982Eastern Kentucky University Colonels
34.3%
2002Western Kentucky University Hilltoppers
34.3%
2004James Madison University Dukes
31.4%
1981Idaho State University Bengals
28.6%
1984Montana State University Bobcats
28.6%
1983Southern Illinois University Salukis
25.7%
1987Northeast Louisiana University Indians*
25.7%

You're not logged in!

Compare scores with friends on all Sporcle quizzes.
Sign Up with Email
OR
Log In

You Might Also Like...

Show Comments

Extras

Top Quizzes Today


Score Distribution

Your Account Isn't Verified!

In order to create a playlist on Sporcle, you need to verify the email address you used during registration. Go to your Sporcle Settings to finish the process.

Report this User

Report this user for behavior that violates our Community Guidelines.

Details: